| 000 | 00711nam a22002177a 4500 | ||
|---|---|---|---|
| 003 | LK-CoMWRAF | ||
| 005 | 20231113135030.0 | ||
| 008 | 231028b2006 |||||||| |||| 00| 0 eng d | ||
| 020 | _a9789551274092 | ||
| 040 |
_aLK-CoMWRAF _dLK-CoMWRAF _eLK-CoMWRAF |
||
| 041 | _aeng | ||
| 082 |
_a303.69 _bSNA |
||
| 245 |
_aSnapshots of peace building : _bcommentaries on war and peace in Sri Lanka, 1996-2005 |
||
| 260 |
_aColombo : _bNational Peace Council of Sri Lanka _c2006 |
||
| 300 | _aix. 196 p. : ill. ; 20 x 23 cm. | ||
| 650 | _aEthnic conflict--Sri Lanka. | ||
| 650 | _aPeace building--Sri Lanka | ||
| 650 | _aSri Lanka--Politics and government | ||
| 650 | _aSri Lanka--History--Civil War, | ||
| 942 | _cBK | ||
| 999 |
_c4025 _d4025 |
||